000 00578nam a2200205Ia 4500
005 20250326145611.0
008 250326s9999 xx 000 0 und d
037 _aTextbook
040 _aFMSL
_beng
_cFMSL
041 _aeng
_2eng
084 _aX:89A Q8
_qFMSL
100 _aHill A
_969374
245 0 _aOperations strategy: design, implementation and delivery
_cHill A; Hill T
260 _aNew Jersey
_bNew Jersey, Palgrave
_c2018
300 _a414p
365 _aEURO
_b59.99
650 _aManagement
942 _cTB
_hX:89A Q8
999 _c1308135
_d1308135